000 00350nam a2200133Ia 4500
008 240624s9999 xx 000 0 und d
041 _aeng
082 _a530 SMI
100 _aSMITH DANIEL
245 _aHOW TO THINK LIKE STEPHEN HAWKING
260 _c2017
_aNew Delhi
_bManjul Publishing House
300 _axviii, 205 p.; 23 cm.
365 _cRS
_b30
999 _c29688
_d29688